| 000 | 00931cam a22002653a 4500 | ||
|---|---|---|---|
| 001 | 6465 | ||
| 003 | PGUSA | ||
| 005 | 20140828083133.0 | ||
| 008 | 040901s2004||||xxu|||||s|||||000 1 eng d | ||
| 040 |
_aPGUSA _beng |
||
| 042 | _adc | ||
| 050 | 4 | _aPR | |
| 100 | 1 |
_aJacobs, W. W. _q(William Wymark), _d1863-1943 |
|
| 245 | 1 | 0 |
_aShort Cruises _h[electronic resource] / _cW. W. Jacobs |
| 260 |
_bProject Gutenberg, _c2004 |
||
| 505 | 0 | _aThe changeling -- Mixed relations -- His lordship -- Alf's dream -- A distant relative -- The test -- In the family -- A love-knot -- Her uncle -- The dreamer -- Angels' visits. | |
| 506 | _aPublic domain in the USA. | ||
| 516 | _aElectronic text | ||
| 653 | _aEngland -- Social life and customs -- Fiction | ||
| 653 | _aRiver life -- Fiction | ||
| 653 | _aHumorous stories, English | ||
| 830 | 0 |
_aProject Gutenberg _v6465 |
|
| 856 | 4 | 0 | _uhttp://www.gutenberg.org/ebooks/6465 |
| 942 | _cEB | ||
| 999 |
_c235788 _d235788 |
||